| 000 | 00722cam a22002291a 4500 | ||
|---|---|---|---|
| 001 | f 01001363 | ||
| 003 | DLC | ||
| 005 | 20260227111240.0 | ||
| 008 | 810918s1870 fr 000 0 fre | ||
| 010 | _af 01001363 | ||
| 035 | _a(OCoLC)7771256 | ||
| 040 |
_aDLC _cNcWsW _dNcWsW _dDLC |
||
| 042 | _apremarc | ||
| 050 | 0 | 0 |
_aPQ2315 _b.G2 1870 |
| 100 | 1 |
_aKarr, Alphonse, _d1808-1890. |
|
| 245 | 1 | 4 |
_aLes gaietés romaines / _cpar Alphonse Karr. |
| 260 |
_aParis : _bM. Lévy frères, _c1870. |
||
| 300 |
_a307, [1] p. ; _c19 cm. |
||
| 505 | 0 | _aSur les conciles.-- Défense des évéques.-- Le rouge et les rouges.-- Dialogue des morts.-- De l'égalité. | |
| 650 | 0 | _aCouncils and synods. | |
| 610 | 2 | 0 | _aCatholic Church. |
| 999 |
_c22568 _d22568 |
||